000 00719nam a2200217Ii 4500
003 JO-AjNU
008 230605s9999||||xx |||||||||||||| ||und||
017 _a2006/5/1009
040 _aJO-AjNU
_bara
_erda
_cJO-AjNU
041 _aara
050 1 4 _aBF57.S363.2007
100 3 _aسلامة،عبد الحافظ,
_eauthor
_931002
245 0 0 _aعلم النفس الاجتماعي
250 _aالطبعة العربية
264 3 1 _aعمان:دار اليازوري العلمية للنشر والتوزيع ، 2007
300 _a224ص
336 _atext
_btxt
_2rdacontent
337 _aunmediated
_bn
_2rdamedia
338 _avolume
_bnc
_2rdacarrier
650 4 _aعلم النفس الاجتماعي
_931003
999 _aA12353
_c15921
_d15921